000 00336nam a22001457a 4500
999 _c5711
_d5709
005 20210831130016.0
008 180628b xxu||||| |||| 00| 0 eng d
041 _aeng
100 _aHEYWOOD, ANDREW
_96844
245 _aPOLITICS
250 _a4TH ED.
260 _anew york
_bPAIGRAVE, MACMILLAN
_c1997
300 _a496p,
942 _cBK